Which Baldwin? Quiz Stats

 Plays Quiz Updated Feb 28, 2020

Support Sporcle.
Go Orange.
Score 0/32 Timer 05:00
0 Plays Today
Movie/TV Show Baldwin % Correct
30 Rock???
97%
Beetlejuice???
75.1%
The Hunt for Red October???
67.4%
Glengarry Glen Ross???
64.4%
The Departed???
58.9%
Ghosts of Mississippi???
54.6%
Bio-Dome???
50.7%
The Cooler???
44.6%
Backdraft???
41%
Celebrity Apprentice???
39.8%
Outside Providence???
39.4%
Celebrity Rehab with Dr. Drew???
39.1%
The Usual Suspects???
38.6%
A Pyromaniac's Love Story???
37.5%
Sliver???
33.1%
Fair Game???
32%
Movie/TV Show Baldwin % Correct
Flatliners???
30.6%
The Sopranos???
29.1%
Homicide: Life on the Street???
27.8%
8 Seconds???
27.2%
Threesome???
25.9%
The Squid and the Whale???
23.3%
Forgetting Sarah Marshall???
22.4%
Primary Suspect???
22.4%
Harley Davidson and the Marlboro Man???
20.3%
Grey Gardens???
20.1%
Mrs. Parker and the Vicious Circle???
20%
Fall Time???
19.9%
One Tough Cop???
15.8%
Hero???
15.5%
Paparazzi???
15%
Mulholland Falls???
11.8%

From the Vault

'The' Movies (A-Z)

by HenryFieldstone

Movies 6m
Here's a little special something for people who like to go to THE movies.
Remove Ads.
Support Sporcle.
Get the best of Sporcle when you Go Orange. This ad-free experience offers more features, more stats, and more fun while also helping to support Sporcle. Thank you for becoming a member.

Show Comments

Extras

Top Quizzes Today


Score Distribution

Your Account Isn't Verified!

In order to create a playlist on Sporcle, you need to verify the email address you used during registration. Go to your Sporcle Settings to finish the process.

Report this User

Report this user for behavior that violates our Community Guidelines.

Details: